MARC

LEADER 00000nam0a2200000 4500
001 311318
005 20231102002356.0
035 |a (RuTPU)RU\TPU\book\336675 
090 |a 311318 
100 |a 20151204d1981 k y0rusy5003 ca 
101 0 |a rus 
102 |a RU 
105 |a a z 001zy 
200 1 |a Химия и практическое применение кремний- и фосфорорганических соединений  |e межвузовский сборник научных трудов  |f Ленинградский технологический институт им. Ленсовета (ЛТИ) ; под ред. Б. И. Ионина 
210 |a Ленинград  |c Изд-во ЛТИ  |d 1980 
215 |a 185 с.  |c ил. 
320 |a Библиогр. в конце ст. 
606 1 |a Кремнийорганические соединения  |x Химия  |2 stltpush  |3 (RuTPU)RU\TPU\subj\75843  |9 87413 
606 1 |a Фосфорорганические соединения  |x Химия  |2 stltpush  |3 (RuTPU)RU\TPU\subj\64192  |9 81105 
610 1 |a гетероциклические соединения 
610 1 |a синтетические каучуки 
610 1 |a лиганды 
610 1 |a катализаторы 
610 1 |a абразивные зерна 
610 1 |a огнеупорные элементы 
610 1 |a анионная полимеризация 
610 1 |a аминотриазаолы 
610 1 |a азотистые гетероциклы 
675 |a 547.1'128  |v 3 
675 |a 547.1'118  |v 3 
702 1 |a Ионин  |b Б. И.  |4 340 
712 0 2 |a Ленинградский технологический институт им. Ленсовета (ЛТИ)  |2 stltpush  |3 (RuTPU)RU\TPU\col\1462 
801 0 |a RU  |b RuMRKP  |c 19950704  |g psbo 
801 1 |a RU  |b 63413507  |c 20151204 
801 2 |a RU  |b 63413507  |c 20191016  |g RCR 
942 |c BK